Normal view
MARC view
Entry Personal Name
001 - CONTROL NUMBER
- control field: 7663
003 - CONTROL NUMBER IDENTIFIER
- control field: OSt
005 - DATE AND TIME OF LATEST TRANSACTION
- control field: 20211028144208.0
008 - FIXED-LENGTH DATA ELEMENTS
- fixed length control field: 211028|| aca||aabn | a|a d
040 ## - CATALOGING SOURCE
- Original cataloging agency: OSt
- Transcribing agency: OSt
100 ## - HEADING--PERSONAL NAME
- Personal name: Antony, Merlin; James, Justine.
- Miscellaneous information: 1516087
670 ## - SOURCE DATA FOUND
- Source citation: Work cat.: (OSt): Antony, Merlin; James, Justine. 1516087, Study on the performance appraisal system with reference to Mangalore refinery and petrochemichemicals limited, 2017